000 00748cam a22002773a 4500
001 30027
003 PGUSA
005 20140828083640.0
008 090919s2009||||xxu|||||s|||||000 1 eng d
040 _aPGUSA
_beng
042 _adc
050 4 _aPT
100 1 _aHamsun, Knut,
_d1859-1952
245 1 0 _aSult
_h[electronic resource] /
_cKnut Hamsun
260 _bProject Gutenberg,
_c2009
506 _aPublic domain in the USA.
516 _aElectronic text
653 _aNorway -- Fiction
653 _aUrban poor -- Fiction
653 _aHunger -- Fiction
653 _aStarvation -- Fiction
653 _aAuthors -- Fiction
830 0 _aProject Gutenberg
_v30027
856 4 0 _uhttp://www.gutenberg.org/ebooks/30027
942 _cEB
999 _c259282
_d259282